Adultos en crisis, jóvenes a la deriva /
Obra pensada como una ayuda para que docentes, profesionales de la salud y padres de familia piensen su lugar como adultos, rol que atraviesa una fuerte crisis a inicios del siglo XXI, con responsabilidad sobre niños y adolescentes. Son descritas primeramente tres generaciones: la de adultos que cre...
Salvato in:
| Autore principale: | |
|---|---|
| Natura: | Libro |
| Lingua: | spagnolo |
| Pubblicazione: |
Buenos Aires, Argentina :
Novedades Educativas,
2002, c2002
|
| Soggetti: | |
| Tags: |
Nessun Tag, puoi essere il primo ad aggiungerne!!
|
MARC
| LEADER | 00000nam^a2200000^a^4500 | ||
|---|---|---|---|
| 001 | 000154109 | ||
| 005 | 20250521000000.0 | ||
| 009 | 20260310100343.773 | ||
| 020 | |a 987-538-055-5 | ||
| 037 | |a Acervo ITESO - Biblioteca | ||
| 041 | |a ESP | ||
| 082 | |a 305. 24 |b SEG | ||
| 100 | |a Segni Obiols, Silvia di |e (autor) | ||
| 245 | 1 | 0 | |a Adultos en crisis, jóvenes a la deriva / |c S. di Segni Obiols. |
| 264 | 4 | |a Buenos Aires, Argentina : |b Novedades Educativas, |c 2002, c2002 | |
| 300 | |a 191 p. | ||
| 336 | |a texto |b txt |2 rdacontenido | ||
| 337 | |a sin mediación |b n |2 rdamedio | ||
| 338 | |a volumen |b nc |2 rdasoporte | ||
| 520 | |a Obra pensada como una ayuda para que docentes, profesionales de la salud y padres de familia piensen su lugar como adultos, rol que atraviesa una fuerte crisis a inicios del siglo XXI, con responsabilidad sobre niños y adolescentes. Son descritas primeramente tres generaciones: la de adultos que crecieron con los modelos del siglo XIX; la de los adultos a fines del siglo XX y la de los jóvenes que se desempeñarán como adultos más tarde. Una vez retratadas estas generaciones, son analizados algunos aspectos de su convivencia en los ámbitos escolar y familiar. | ||
| 649 | |a XX | ||
| 650 | |a Adultos | ||
| 650 | |a Adolescentes | ||
| 650 | |a Ancianos | ||
| 650 | |a Relaciones Maestro-Alumno | ||
| 650 | |a Educación | ||
| 650 | |a Relaciones Padres-Hijos | ||
| 650 | |a Relaciones Familiares | ||
| 650 | |a Familia | ||
| 650 | |a Crisis del Desarrollo | ||
| 650 | |a Responsabilidad | ||
| 650 | |a Roles | ||
| 650 | |a Psicología Evolutiva | ||
| 650 | |a Sociología | ||
| 910 | |a Fondo General | ||
| 920 | |a Impresos - Libros | ||
| 930 | |a Colección General | ||
| 905 | |a 101 | ||
| 901 | |a 0500086639 |b IT1 |c ACC |u 20250521 | ||
| 902 | |a https://opac.biblio.iteso.mx/vufind/Record/000154109 | ||